|
|
|
|
| LEADER |
00000nab a2200000 a 4500 |
| 001 |
vtls000083285 |
| 003 |
SK-MaSNL |
| 005 |
20260303193859.0 |
| 008 |
040806c1981 xo 0 slo |
| 015 |
|
|
|a SNBRB19rr/mm-uuuuu
|
| 035 |
|
|
|a CL0093387
|
| 040 |
|
|
|a SNKBUCL
|b slo
|c SNKBUCL
|e AACR2
|
| 041 |
0 |
|
|a slo
|
| 044 |
|
|
|a xo
|c SK
|
| 080 |
|
|
|a 792.2
|2 1981
|
| 245 |
0 |
0 |
|a Bratislavský autor v Trnave
|c -pp-
|
| 600 |
1 |
7 |
|a Štepka, Stanislav,
|d 1944-
|t Ako som vstúpil do seba
|2 snkbucl
|9 112041
|
| 610 |
2 |
7 |
|a Divadlo pre deti a mládež (Trnava, Slovensko)
|2 snkbucl
|9 62728
|
| 648 |
|
7 |
|a 1981
|2 snkbucl
|9 279160
|
| 655 |
|
7 |
|a recenzie
|2 snkbucl
|9 21907
|
| 655 |
|
7 |
|a články z novín a časopisov
|2 snkbucl
|9 267496
|
| 773 |
0 |
|
|t Večerník
|g Roč. 26, č. 52 (16. 3. 1981), s. 5
|
| 850 |
|
|
|a Slovenská národná knižnica v Martine
|a MTA001
|
| 852 |
|
|
|a SNK
|b KIS3GCP
|
| 999 |
|
|
|c 2154513
|d 2156443
|